[Event "18. Obert Int. Sant Marti 2016 - B"]
[Site "Barcelona ESP"]
[Date "2016.07.21"]
[Round "9.68"]
[White "Domenche Redondo, Francesc"]
[Black "Perez Ramirez, Placido"]
[Result "1-0"]
[WhiteElo "1622"]
[BlackElo "1211"]
[PlyCount "93"]
[EventDate "2016.07.13"]
[EventType "swiss"]
[EventRounds "9"]
[EventCountry "ESP"]
[SourceTitle "Ajedrez en Madrid"]
[Source "lmi"]
[SourceDate "2016.07.13"]
[SourceVersion "1"]
[SourceVersionDate "2019.06.21"]
[SourceQuality "1"]

1. d4 d5 2. Bf4 Nf6 3. Nf3 Bf5 4. e3 e6 5. Nbd2 Nbd7 6. h3 c5 7. c3 cxd4 8.
exd4 Be7 9. Nh4 Be4 10. Nhf3 Qb6 11. Qb3 Qd8 12. Bb5 O-O 13. O-O a6 14. Be2 b5
15. Nxe4 Nxe4 16. Rfd1 Nb6 17. Ne5 Rc8 18. Rac1 Bg5 19. Bxg5 Qxg5 20. Nf3 Qf4
21. Qa3 Ra8 22. Qe7 Rfe8 23. Qh4 Qd6 24. Ng5 Nxg5 25. Qxg5 Nd7 26. Bd3 Nf6 27.
Re1 Rac8 28. Re3 Ne4 29. Bxe4 dxe4 30. Rxe4 f6 31. Qf4 Qd5 32. a3 Re7 33. Rce1
Rce8 34. Qf3 e5 35. dxe5 fxe5 36. Rd1 Qc5 37. Qe3 Qc6 38. Qd3 Qg6 39. Qd5+ Kh8
40. Rd3 Qg5 41. f4 Qg6 42. Rde3 Qb6 43. Kh1 Rd8 44. Qb3 Red7 45. Rxe5 Qf6 46.
Re8+ Rxe8 47. Rxe8+ 1-0